| 000 | 00468nam a2200157Ia 4500 | ||
|---|---|---|---|
| 008 | 210210b2002 xxu||||| |||| 00| 0 eng d | ||
| 020 | _a81 7022 951 0 | ||
| 082 | _a321.80954 SARR | ||
| 100 | _aSARASWATI (Shashi Nath). | ||
| 245 | _aRight to equality in the Indian constitution a Gandhian perspective. | ||
| 260 |
_aNew Delhi. _bConcept Publishing Company. _c2002 |
||
| 300 | _axii,398 | ||
| 650 | _aEquality | ||
| 690 | _aIndian Constitution | ||
| 906 | _a057676 | ||
| 999 |
_c105218 _d105218 |
||